Pasión y coraje : mujeres que hicieron historia /

Guardado en:
Autor Principal: Ramb, Ana María
Formato: Libro
Publicado: Buenos Aires : Instituto Movilizador de Fondos Cooperativos, 1999
Series:Desde la gente
Materias:
Etiquetas: Agregar Etiqueta
Sin Etiquetas, Sea el primero en etiquetar este registro!
LEADER 01345nam a22002295a 4500
001 CEM.cems010817
005 20080317121815.0
008 130507s1999##################000#0#####d
003 CEMS
020 |a 9508600756 
082 0 4 |a 920 
100 1 |a Ramb, Ana María 
245 1 0 |a Pasión y coraje :  |b mujeres que hicieron historia /  |c Prólogo de Ana María Ramb 
260 |a Buenos Aires :  |b Instituto Movilizador de Fondos Cooperativos,  |c 1999 
300 |a 127 p. 
490 0 |a Desde la gente 
505 0 |a Azucena, la madre que puja / Diana Piazzolla -- Frida Kahlo: territorios de belleza y dignidad / Stella Calloni -- Micaela Bastidas: mucho más que la mujer de Túpac Amaru / Leticia Maronese -- María y el Grito de Alcorta / Rina Bertaccini -- Peregrinaciones de una paria / Flora Tristán -- Trinidad Guevara y las iras de Castañeda / Carmen Sampedro -- Alfonsina: el desafío teatral / Beatriz Seibel -- Doña María de los Santos, correo y mayoral / Victoria Azurduy -- Juana Manso: una vida difícil / Susana Silvestre -- Nadine Gordimer: el coraje de escribir / Elena Marengo -- Verdad y leyenda de Tina Modotti / Christiane Barckhausen-Canale 
653 |a Biografías 
653 |a Mujer-movimientos sociales 
653 |a Mujer-condiciones sociales 
653 |a Mujeres 
859 |a CEMS  |b BIB. CEMS - 11 de abril  |h 920  |i R142  |p 21470.01  |t Ej.1